[Event "4th Hainan Danzhou GM"]
[Site "Danzhou CHN"]
[Date "2013.05.20"]
[Round "1.1"]
[White "Yu, Yangyi"]
[Black "Zhou, Weiqi"]
[Result "0-1"]
[WhiteTitle "GM"]
[BlackTitle "GM"]
[WhiteElo "2675"]
[BlackElo "2590"]
[WhiteFideId "8603820"]
[BlackFideId "8601674"]
[EventDate "2013.05.20"]

1. e4 e5 2. Nf3 Nc6 3. Bc4 Bc5 4. c3 Nf6 5. d4 exd4 6. e5 d5 7. Be2 Ne4 8. cxd4
Bb6 9. O-O Bg4 10. Be3 f6 11. exf6 Qxf6 12. Nc3 O-O-O 13. Na4 Kb8 14. Nxb6 axb6
15. Ne5 Bxe2 16. Nxc6+ bxc6 17. Qxe2 Kb7 18. a4 Ra8 19. Rfc1 Nd6 20. Ra3 Rhe8
21. Qc2 Nc4 22. Rc3 Re6 23. b3 Nxe3 24. Rxe3 Rae8 25. Qd3 Rxe3 26. fxe3 Qe7 27.
Rc3 Qb4 28. Rc1 Re6 29. h3 Qe7 30. Re1 g5 31. Qd2 h5 32. a5 bxa5 33. Qxa5 Rxe3
34. Ra1 Kc8 35. Qa6+ Kd7 36. Qf1 Re6 37. Qd3 Re1+ 38. Rxe1 Qxe1+ 39. Kh2 Qe4 40.
Qc3 Qf4+ 41. Kg1 h4 42. b4 Kc8 43. Qc5 Kb7 44. b5 Qd6 45. bxc6+ Qxc6 46. Qb4+
Ka6 47. Qa3+ Kb6 48. g3 Qc2 49. gxh4 gxh4 50. Qe3 Kb5 51. Qf4 Qh7 52. Qc1 Qg6+
53. Kh1 Qe4+ 54. Kh2 Qe2+ 55. Kg1 Qe7 56. Qc3 c6 57. Kf2 Qf8+ 58. Ke3 Qb4 59.
Qd3+ Qc4 60. Qb1+ Ka4 61. Qa1+ Kb4 62. Qa7 Qc3+ 63. Ke2 Qc2+ 64. Ke3 Qc3+ 65.
Ke2 Kb3 66. Qb7+ Qb4 67. Qa7 Kc4 68. Kf1 Qb1+ 69. Kf2 Qc2+ 70. Kf1 Qd1+ 71. Kg2
Qe2+ 72. Kg1 Qe1+ 73. Kg2 Qg3+ 74. Kh1 Qxh3+ 75. Kg1 Qe3+ 76. Kh1 Qc1+ 77. Kh2
Qf4+ 78. Kh1 Qc1+ 79. Kh2 Kd3 80. Qh7+ Kc3 81. Qa7 Kd3 82. Qh7+ Kxd4 83. Qxh4+
Kc3 84. Qg3+ Kb2 85. Qb8+ Kc2 86. Qd6 Qd2+ 87. Kh3 Qc3+ 88. Kg2 d4 89. Qe6 Kb2
90. Qd7 d3 91. Kf3 Kc1 0-1

[Event "4th Hainan Danzhou GM"]
[Site "Danzhou CHN"]
[Date "2013.05.20"]
[Round "1.5"]
[White "Zhou, Jianchao"]
[Black "Wen, Yang"]
[Result "1/2-1/2"]
[WhiteTitle "GM"]
[BlackTitle "GM"]
[WhiteElo "2607"]
[BlackElo "2618"]
[WhiteFideId "8603537"]
[BlackFideId "8602956"]
[EventDate "2013.05.20"]

1. c4 Nf6 2. Nf3 g6 3. g3 Bg7 4. Bg2 O-O 5. O-O d6 6. d4 c6 7. Nc3 Qb6 8. b3 e5
9. c5 dxc5 10. dxe5 Ng4 11. Na4 Qc7 12. Nxc5 Nxe5 13. Bf4 Nxf3+ 14. Bxf3 Qa5 15.
Qc2 Na6 16. Nxa6 Qxa6 17. Rad1 Bh3 18. Bg2 Bg4 19. Rd2 Rfe8 20. e4 Rac8 21. b4
b6 22. Rd6 Be6 23. a4 Bf8 24. e5 Bd5 25. Bh3 Bxd6 26. exd6 Rcd8 27. d7 Re7 28.
Bg5 Rdxd7 29. Bxd7 Rxd7 30. Re1 Qc8 31. Qc3 f6 32. Qxf6 Rf7 33. Qd8+ Qxd8 34.
Bxd8 1/2-1/2

[Event "4th Hainan Danzhou GM"]
[Site "Danzhou CHN"]
[Date "2013.05.21"]
[Round "2.1"]
[White "Zhou, Weiqi"]
[Black "Wen, Yang"]
[Result "1/2-1/2"]
[WhiteTitle "GM"]
[BlackTitle "GM"]
[WhiteElo "2590"]
[BlackElo "2618"]
[WhiteFideId "8601674"]
[BlackFideId "8602956"]
[EventDate "2013.05.20"]

1. e4 e5 2. Nf3 Nc6 3. d4 exd4 4. Nxd4 Nf6 5. Nc3 Bb4 6. Nxc6 bxc6 7. Bd3 O-O 8.
O-O d5 9. exd5 cxd5 10. h3 c6 11. Qf3 Bd7 12. Ne2 Bd6 13. Bf4 Qb8 14. b3 Re8 15.
c4 a5 16. Rab1 Bxf4 17. Nxf4 Qd6 18. cxd5 Nxd5 19. Nxd5 cxd5 20. Rfd1 Be6 21.
Rd2 Qb4 22. Rbd1 g6 23. Be2 Rec8 24. Qf6 a4 25. bxa4 Rxa4 26. Bf3 Qc3 27. Qxc3
Rxc3 28. Bxd5 Bxd5 29. Rxd5 Rxa2 30. R5d2 Rxd2 1/2-1/2

[Event "4th Hainan Danzhou GM"]
[Site "Danzhou CHN"]
[Date "2013.05.21"]
[Round "2.2"]
[White "Bu, Xiangzhi"]
[Black "Zhou, Jianchao"]
[Result "1-0"]
[WhiteTitle "GM"]
[BlackTitle "GM"]
[WhiteElo "2662"]
[BlackElo "2607"]
[WhiteFideId "8601445"]
[BlackFideId "8603537"]
[EventDate "2013.05.20"]

1. d4 Nf6 2. Nf3 g6 3. c4 Bg7 4. Nc3 d5 5. e3 O-O 6. Bd2 c6 7. Qb3 e6 8. Be2 b6
9. O-O Nbd7 10. cxd5 exd5 11. Rfd1 Bb7 12. Be1 Re8 13. Rac1 Qe7 14. a3 h6 15.
Qa4 a5 16. Qc2 b5 17. Bf1 a4 18. g3 Nb6 19. Ne5 Nfd7 20. f4 Nc4 21. Bf2 Nf6 22.
Bg2 Nd6 23. Bh3 Qf8 24. Na2 Bc8 25. Bxc8 Rexc8 26. Be1 Qe8 27. Bb4 Nfe4 28. Bxd6
Nxd6 29. Re1 c5 30. Nc3 b4 31. Nxd5 cxd4 32. Nc6 b3 33. Qd1 Nf5 34. exd4 Qxc6
35. Rxc6 Rxc6 36. g4 Rd6 37. gxf5 Rxd5 38. fxg6 fxg6 39. Qg4 Kh7 40. Kh1 Rxd4
41. Re6 g5 42. Qf5+ Kh8 43. fxg5 Rf8 44. Qg6 Rg4 45. Re8 Rxe8 46. Qxe8+ Kh7 47.
gxh6 Kxh6 48. Qe6+ Kg5 49. Qe3+ Kg6 50. Qe8+ Kg5 51. Qg8 Kh6 52. h3 Rf4 53. Qe6+
Bf6 54. Qe3 Kg5 55. h4+ Kf5 56. h5 Bxb2 57. Qd3+ Re4 58. Kg2 Ke5 59. h6 Ba1 60.
h7 1-0

[Event "4th Hainan Danzhou GM"]
[Site "Danzhou CHN"]
[Date "2013.05.21"]
[Round "2.4"]
[White "Ni, Hua"]
[Black "Lu, Shanglei"]
[Result "1-0"]
[WhiteTitle "GM"]
[BlackTitle "GM"]
[WhiteElo "2646"]
[BlackElo "2551"]
[WhiteFideId "8601160"]
[BlackFideId "8603332"]
[EventDate "2013.05.20"]

1. d4 f5 2. Nc3 Nf6 3. Bg5 Nc6 4. Nf3 Ne4 5. Bh4 d5 6. e3 a6 7. Bd3 g6 8. Ne2
Bh6 9. c4 Be6 10. b3 Bf7 11. Bg3 Nxg3 12. hxg3 Bg7 13. Ng5 e5 14. Nxf7 Kxf7 15.
cxd5 Nb4 16. dxe5 Bxe5 17. Rc1 Kg7 18. Qd2 Nxd5 19. e4 fxe4 20. Bxe4 c6 21. Rd1
Qe7 22. Qh6+ Kf7 23. Bxd5+ cxd5 24. O-O Rad8 25. Rd3 Bf6 26. Nf4 Bg5 27. Qh3
Bxf4 28. gxf4 Kg7 29. Rfd1 Rhe8 30. Rxd5 Rxd5 31. Rxd5 Qe1+ 32. Kh2 Qxf2 33.
Rd7+ Kf6 34. Rd6+ Kg7 35. Rd7+ Kf6 36. Qg4 Qc5 37. Rxh7 Qf5 38. Qh4+ Ke6 39.
Qe1+ Kd5 40. Qd2+ Ke4 41. Qe2+ 1-0

[Event "4th Hainan Danzhou GM"]
[Site "Danzhou CHN"]
[Date "2013.05.21"]
[Round "2.5"]
[White "Yu, Yangyi"]
[Black "Xiu, Deshun"]
[Result "1-0"]
[WhiteTitle "GM"]
[BlackTitle "GM"]
[WhiteElo "2675"]
[BlackElo "2534"]
[WhiteFideId "8603820"]
[BlackFideId "8603693"]
[EventDate "2013.05.20"]

1. e4 c5 2. Nf3 d6 3. d4 cxd4 4. Nxd4 Nf6 5. Nc3 a6 6. Bg5 e6 7. f4 h6 8. Bh4
Qb6 9. a3 Be7 10. Bf2 Qc7 11. Qf3 Nc6 12. Be2 Bd7 13. Qg3 g5 14. f5 Nxd4 15.
Bxd4 e5 16. Bf2 Bc6 17. Qf3 b5 18. O-O Qb7 19. Rfe1 Bd8 20. Rad1 Ke7 21. Qd3 Bc7
22. Bf3 Rad8 23. Qe3 Rb8 24. Qd2 Rhd8 25. g4 Bb6 26. h4 Bxf2+ 27. Kxf2 b4 28.
hxg5 hxg5 29. axb4 Qxb4 30. Kg3 Qc5 31. b3 Rb4 32. Re3 Rd4 33. Rd3 Rxd3 34. cxd3
Qb4 35. Rc1 Rg8 36. Ra1 Qb6 37. Ne2 Bb5 38. Rd1 Bc6 39. Rc1 Bb7 40. Rc4 a5 41.
Ra4 Qxb3 42. Qxa5 Bc6 43. Ra3 Qb1 44. Qc3 Bd7 45. Ra1 Qb6 46. Qd2 d5 47. exd5
Qd6 48. Qe3 Rh8 49. Kg2 Nxd5 50. Qxg5+ Nf6 51. Ng3 Rg8 52. Qh4 Qxd3 53. Rd1 Qc2+
54. Kh3 Rxg4 55. Bxg4 Bc6 56. Be2 Qc5 57. Qc4 1-0

[Event "4th Hainan Danzhou GM"]
[Site "Danzhou CHN"]
[Date "2013.05.22"]
[Round "3.1"]
[White "Xiu, Deshun"]
[Black "Zhou, Weiqi"]
[Result "1-0"]
[WhiteTitle "GM"]
[BlackTitle "GM"]
[WhiteElo "2534"]
[BlackElo "2590"]
[WhiteFideId "8603693"]
[BlackFideId "8601674"]
[EventDate "2013.05.20"]

1. Nf3 Nf6 2. c4 c6 3. Nc3 d5 4. e3 a6 5. d4 Bf5 6. Nh4 Bg4 7. Qb3 Ra7 8. h3 Be6
9. c5 Ne4 10. Bd3 Nd7 11. Qc2 Nxc3 12. Qxc3 g6 13. f4 Bg7 14. O-O Bf6 15. f5
gxf5 16. Nxf5 Rg8 17. Bd2 Ra8 18. Rae1 Bxf5 19. Bxf5 e6 20. Bxh7 Rg3 21. Re2 Ke7
22. Be1 Rg7 23. Bc2 Qh8 24. Kh1 Rag8 25. e4 Qh5 26. Rf3 Bh4 27. Bxh4+ Qxh4 28.
e5 Rg3 29. Ref2 f5 30. exf6+ Nxf6 31. Qe3 Rxf3 32. Rxf3 Qg5 33. Qxg5 Rxg5 34.
Rb3 e5 35. dxe5 Rxe5 36. Rxb7+ Ke6 37. Rb6 Re2 38. Bb3 Ke5 39. Rxc6 Ne4 40. Rc8
d4 41. Rd8 Rxb2 42. Rd5+ Kf4 43. Rxd4 Ke3 44. Rd8 Nxc5 45. Ra8 Rd2 46. Kh2 Rd6
47. Rf8 Nd3 48. Rf3+ Kd4 49. h4 Ne5 50. Rf1 Ng4+ 51. Kh3 Ne3 52. Rf8 Rc6 53. h5
Rc1 54. Kg3 Rh1 55. Rd8+ Ke4 56. Re8+ Kd3 57. Bf7 Ke2 58. Bg6 Kd2 59. a4 a5 60.
Re5 Rc1 61. Rxa5 Rc3 62. Ra8 Nf5+ 63. Kf4 Nh4 64. Be4 Rc4 65. Rg8 1-0

[Event "4th Hainan Danzhou GM"]
[Site "Danzhou CHN"]
[Date "2013.05.22"]
[Round "3.2"]
[White "Lu, Shanglei"]
[Black "Yu, Yangyi"]
[Result "1/2-1/2"]
[WhiteTitle "GM"]
[BlackTitle "GM"]
[WhiteElo "2551"]
[BlackElo "2675"]
[WhiteFideId "8603332"]
[BlackFideId "8603820"]
[EventDate "2013.05.20"]

1. e4 c5 2. Nf3 Nc6 3. Bb5 e6 4. O-O Nge7 5. Re1 a6 6. Bf1 d5 7. exd5 Nxd5 8. d4
Nf6 9. Be3 Be7 10. c4 O-O 11. Nc3 cxd4 12. Nxd4 Bd7 13. a3 Qc7 14. b4 Rfd8 15.
Qe2 Bd6 16. g3 Be5 17. Rad1 Rac8 18. h3 Be8 19. Nxc6 Rxd1 20. Rxd1 Bxc6 21. Bb6
Qb8 22. Qe3 Nd7 23. Bd4 b6 24. Ne4 h6 25. Be2 a5 26. Bxe5 Qxe5 27. b5 Qxe4 28.
Qxe4 Bxe4 29. Rxd7 Kf8 30. f3 Bc2 31. Rd6 Bb3 32. Rxb6 Bxc4 33. Bxc4 Rxc4 34.
Ra6 a4 35. b6 Rc1+ 36. Kf2 Rb1 37. Ke3 Ke7 38. Kd4 Kd6 39. Kc4 Kc6 40. Rxa4 Rc1+
41. Kd3 Kxb6 42. Rb4+ Ka6 43. Ra4+ Kb6 44. Rb4+ Ka6 45. Rf4 f5 46. Ra4+ Kb6 47.
Rb4+ Kc5 48. Rb7 Ra1 49. Rxg7 Rxa3+ 50. Ke2 Kd4 51. Rd7+ Ke5 52. Rh7 Ra2+ 53.
Ke3 Ra3+ 54. Ke2 Ra2+ 55. Ke3 Ra3+ 56. Ke2 Ra2+ 1/2-1/2

[Event "4th Hainan Danzhou GM"]
[Site "Danzhou CHN"]
[Date "2013.05.22"]
[Round "3.4"]
[White "Wen, Yang"]
[Black "Bu, Xiangzhi"]
[Result "0-1"]
[WhiteTitle "GM"]
[BlackTitle "GM"]
[WhiteElo "2618"]
[BlackElo "2662"]
[WhiteFideId "8602956"]
[BlackFideId "8601445"]
[EventDate "2013.05.20"]

1. d4 d5 2. c4 c6 3. Nf3 Nf6 4. e3 Bf5 5. Nc3 a6 6. Bd3 Bxd3 7. Qxd3 e6 8. O-O
Nbd7 9. e4 dxe4 10. Nxe4 Be7 11. Bf4 Nxe4 12. Qxe4 O-O 13. Rfd1 Qa5 14. a3 Rfd8
15. Qc2 Qh5 16. Bc7 Rdc8 17. Bg3 b6 18. h3 h6 19. Rd2 Bg5 20. Re2 Bf6 21. Rd1
Qf5 22. Qd2 Bd8 23. Qe3 Bc7 24. Ne5 Nxe5 25. dxe5 Rd8 26. Red2 Rxd2 27. Rxd2 Rd8
28. Rxd8+ Bxd8 29. Qd4 Bc7 30. c5 bxc5 31. Qxc5 Qe4 32. b4 g5 33. f3 Qe2 34. Qa7
Bxe5 35. Qa8+ Kh7 36. Bxe5 Qe1+ 37. Kh2 Qxe5+ 38. Kg1 Qa1+ 39. Kh2 Qxa3 40. Qf8
Kg6 41. Qg8+ Kf6 42. Qd8+ Kg7 43. Qd4+ Kg6 44. Qe4+ Kf6 45. Qd4+ Ke7 46. Qa7+
Kf8 47. Qb8+ Kg7 48. Qe5+ f6 49. Qc7+ Kg6 50. Qxc6 Qxb4 51. Qxe6 a5 52. Qg8+ Kf5
53. Qd5+ Kf4 54. Qe6 Qd4 55. Qe2 a4 56. g3+ Kf5 57. Qb5+ Ke6 58. Qc6+ Ke7 59.
Qc7+ Qd7 60. Qa5 Qc6 61. h4 gxh4 62. gxh4 Qd6+ 63. Kg2 a3 64. f4 Qd3 65. Qc5+
Kd7 66. Qa7+ Ke6 0-1

[Event "4th Hainan Danzhou GM"]
[Site "Danzhou CHN"]
[Date "2013.05.23"]
[Round "4.1"]
[White "Zhou, Weiqi"]
[Black "Bu, Xiangzhi"]
[Result "1/2-1/2"]
[WhiteTitle "GM"]
[BlackTitle "GM"]
[WhiteElo "2590"]
[BlackElo "2662"]
[WhiteFideId "8601674"]
[BlackFideId "8601445"]
[EventDate "2013.05.20"]

1. e4 e5 2. Nf3 Nf6 3. Nxe5 d6 4. Nf3 Nxe4 5. d4 d5 6. Bd3 Be7 7. O-O Nc6 8. c4
Nb4 9. Be2 O-O 10. Nc3 Bf5 11. a3 Nxc3 12. bxc3 Nc6 13. Re1 Re8 14. Bf4 dxc4 15.
Bxc4 Bd6 16. Rxe8+ Qxe8 17. Bxd6 cxd6 18. Ng5 Bg6 19. h4 Qe7 20. Qg4 h6 21. Nh3
Qe4 22. Qg3 Na5 23. Ba2 Qc2 24. Bd5 Qd3 25. Qxd6 Qxc3 26. Rf1 Bd3 27. Rd1 Bc2
28. Rf1 Bd3 29. Rd1 Bc2 30. Rf1 Bd3 1/2-1/2

[Event "4th Hainan Danzhou GM"]
[Site "Danzhou CHN"]
[Date "2013.05.23"]
[Round "4.3"]
[White "Ni, Hua"]
[Black "Zhou, Jianchao"]
[Result "1-0"]
[WhiteTitle "GM"]
[BlackTitle "GM"]
[WhiteElo "2646"]
[BlackElo "2607"]
[WhiteFideId "8601160"]
[BlackFideId "8603537"]
[EventDate "2013.05.20"]

1. d4 d5 2. c4 e6 3. Nf3 c6 4. Qc2 Nf6 5. Bg5 dxc4 6. Qxc4 b5 7. Qb3 Nbd7 8. Nc3
h6 9. Bxf6 Nxf6 10. e3 Bd6 11. Bd3 O-O 12. O-O Bb7 13. Ne4 Nxe4 14. Bxe4 Qb6 15.
Rac1 Rac8 16. Rfd1 c5 17. dxc5 Rxc5 18. Bxb7 Qxb7 19. a4 Rxc1 20. Rxc1 Rb8 21.
axb5 Qxb5 22. Rc8+ Rxc8 23. Qxb5 Rc1+ 24. Qf1 Rxf1+ 25. Kxf1 f5 26. Ke2 g5 27.
h3 g4 28. hxg4 fxg4 29. Nd4 Kf7 30. Kd3 h5 31. g3 Kf6 32. Nc6 a6 33. Ke4 Bc7 34.
Nb4 a5 35. Nd3 e5 36. Nc5 Bd8 37. b3 Bc7 38. Kd5 Kf5 39. e4+ Kg6 40. Nd7 h4 41.
gxh4 Kh5 42. Nxe5 Kxh4 43. Nd3 g3 44. fxg3+ Bxg3 45. e5 Kg5 46. Nb2 Be1 47. Nc4
Bb4 48. Ke6 Kf4 49. Kd7 1-0

[Event "4th Hainan Danzhou GM"]
[Site "Danzhou CHN"]
[Date "2013.05.23"]
[Round "4.5"]
[White "Xiu, Deshun"]
[Black "Lu, Shanglei"]
[Result "1-0"]
[WhiteTitle "GM"]
[BlackTitle "GM"]
[WhiteElo "2534"]
[BlackElo "2551"]
[WhiteFideId "8603693"]
[BlackFideId "8603332"]
[EventDate "2013.05.20"]

1. c4 g6 2. Nf3 f5 3. d4 Nf6 4. g3 Bg7 5. Bg2 d6 6. O-O O-O 7. Nc3 Qe8 8. d5 Na6
9. Rb1 c6 10. b4 Bd7 11. c5 dxc5 12. dxc6 bxc6 13. bxc5 e5 14. Qd3 Bc8 15. Qc4+
Kh8 16. Rd1 e4 17. Nd4 Ng4 18. Nb3 Qe6 19. Qxe6 Bxe6 20. f3 Bxc3 21. fxg4 fxg4
22. Bxe4 Nb4 23. Na5 Nxa2 24. Nxc6 Bg7 25. Rd6 Bf5 26. Bxf5 Rxf5 27. Be3 Rff8
28. Rb7 Rfe8 29. Rdd7 Rxe3 30. Rxg7 Rxe2 31. Rxh7+ Kg8 32. Rbg7+ Kf8 33. Ne7 1-0

[Event "4th Hainan Danzhou GM"]
[Site "Danzhou CHN"]
[Date "2013.05.24"]
[Round "5.1"]
[White "Lu, Shanglei"]
[Black "Zhou, Weiqi"]
[Result "1/2-1/2"]
[WhiteTitle "GM"]
[BlackTitle "GM"]
[WhiteElo "2551"]
[BlackElo "2590"]
[WhiteFideId "8603332"]
[BlackFideId "8601674"]
[EventDate "2013.05.20"]

1. e4 e5 2. Nc3 Nc6 3. g3 Nf6 4. Bg2 Bc5 5. Nge2 O-O 6. O-O Re8 7. d3 Nd4 8. Na4
Bf8 9. c4 c6 10. Nac3 Bc5 11. h3 a6 12. g4 d6 13. Nxd4 Bxd4 14. Ne2 Bc5 15. Ng3
b5 16. Be3 Be6 17. b3 Qb6 18. Bxc5 dxc5 19. Nf5 Rad8 20. Qf3 Qa5 21. Qe3 Bxf5
22. exf5 bxc4 23. dxc4 Rd6 24. Rad1 Rd4 25. g5 Qd8 26. Bf3 e4 27. Be2 Nd7 28. b4
Qe7 29. bxc5 Rxd1 30. Rxd1 Nxc5 31. f6 Qf8 32. fxg7 Qe7 33. h4 Kxg7 34. Kf1 Qe5
35. f4 exf3 36. Qxe5+ Rxe5 37. Bxf3 Rf5 38. Kg2 Rf4 39. Rd6 Rxh4 40. Rxc6 Rxc4
41. Bd5 Rc3 42. a4 a5 43. Rc7 Kg6 44. Bxf7+ Kxg5 45. Be8 h5 46. Rg7+ Kh4 47. Ra7
Rg3+ 48. Kh2 Rh3+ 49. Kg2 Rg3+ 50. Kh2 Rh3+ 51. Kg2 Rg3+ 52. Kh2 Re3 53. Rxa5
Re2+ 54. Kg1 Kg3 55. Bb5 Rc2 56. Bf1 Rc1 57. Ra8 Ne6 58. Rg8+ Kf3 59. a5 Nf4 60.
a6 Ra1 61. Rf8 h4 62. Rf7 h3 63. a7 Kg3 64. Rg7+ Kf3 65. Rf7 Kg3 66. Rg7+ Kf3
67. Rf7 Kg3 68. Rg7+ 1/2-1/2

[Event "4th Hainan Danzhou GM"]
[Site "Danzhou CHN"]
[Date "2013.05.24"]
[Round "5.3"]
[White "Zhou, Jianchao"]
[Black "Yu, Yangyi"]
[Result "1/2-1/2"]
[WhiteTitle "GM"]
[BlackTitle "GM"]
[WhiteElo "2607"]
[BlackElo "2675"]
[WhiteFideId "8603537"]
[BlackFideId "8603820"]
[EventDate "2013.05.20"]

1. c4 c5 2. Nf3 Nc6 3. Nc3 Nf6 4. g3 d5 5. d4 g6 6. Bg2 Bg7 7. dxc5 dxc4 8.
Qxd8+ Nxd8 9. Ne5 Nd7 10. Nxc4 Bxc3+ 11. bxc3 Nxc5 12. Be3 Be6 13. Bxc5 Bxc4 14.
a4 Ba6 15. Rb1 Nc6 16. Bxc6+ bxc6 17. Bxa7 Bc8 18. Rb8 Rxb8 19. Bxb8 Kd7 20. Ba7
Bb7 21. a5 Ra8 22. Bb6 c5 23. f3 Kc6 24. Kf2 Ba6 25. g4 Rh8 26. Rd1 h5 27. g5
Rb8 28. e4 Bc4 29. h4 e5 30. Ke3 Ra8 31. Bd8 Ra7 32. Ra1 Rd7 33. Bf6 Rd3+ 34.
Kf2 Rxc3 35. Bxe5 Rc2+ 36. Ke3 Ra2 37. Rxa2 Bxa2 38. Bc3 Bb3 39. Kf4 Bd1 40. Ke3
Kb5 41. f4 Bc2 42. Bd2 Kc6 43. Be1 Bb1 44. Bc3 Bc2 45. Bf6 Kb5 46. Bc3 Kc6 47.
Be1 Bb1 48. Bd2 Bc2 49. Be1 Bb1 1/2-1/2

[Event "4th Hainan Danzhou GM"]
[Site "Danzhou CHN"]
[Date "2013.05.24"]
[Round "5.4"]
[White "Wen, Yang"]
[Black "Ni, Hua"]
[Result "1/2-1/2"]
[WhiteTitle "GM"]
[BlackTitle "GM"]
[WhiteElo "2618"]
[BlackElo "2646"]
[WhiteFideId "8602956"]
[BlackFideId "8601160"]
[EventDate "2013.05.20"]

1. d4 d5 2. c4 c6 3. Nc3 Nf6 4. cxd5 cxd5 5. Bf4 Nc6 6. e3 Bf5 7. Qb3 Na5 8.
Qa4+ Bd7 9. Bb5 e6 10. Rc1 Rc8 11. Nf3 Rc4 12. Qd1 Bxb5 13. Nxb5 Bb4+ 14. Ke2
O-O 15. Qa4 Bc3 16. Qa3 Bb4 17. Qa4 Bc3 18. Qa3 Bb4 1/2-1/2

[Event "4th Hainan Danzhou GM"]
[Site "Danzhou CHN"]
[Date "2013.05.25"]
[Round "6.2"]
[White "Ni, Hua"]
[Black "Bu, Xiangzhi"]
[Result "1/2-1/2"]
[WhiteTitle "GM"]
[BlackTitle "GM"]
[WhiteElo "2646"]
[BlackElo "2662"]
[WhiteFideId "8601160"]
[BlackFideId "8601445"]
[EventDate "2013.05.20"]

1. e4 e5 2. Nf3 Nf6 3. d4 exd4 4. e5 Ne4 5. Qxd4 d5 6. exd6 Nxd6 7. Bf4 Nc6 8.
Qe3+ Qe7 9. Nc3 Qxe3+ 10. Bxe3 Bg4 11. Nd4 Nxd4 12. Bxd4 Nf5 13. Be5 Bd6 14.
Bxd6 Nxd6 15. f3 Bf5 16. O-O-O O-O-O 17. Nb5 Nxb5 18. Bxb5 c6 19. Bc4 Rhe8 20.
Rxd8+ Kxd8 21. Rd1+ Kc7 22. Bxf7 Re2 23. Rd2 Re1+ 24. Rd1 Re2 25. Rd2 Re1+ 26.
Rd1 1/2-1/2

[Event "4th Hainan Danzhou GM"]
[Site "Danzhou CHN"]
[Date "2013.05.25"]
[Round "6.3"]
[White "Yu, Yangyi"]
[Black "Wen, Yang"]
[Result "1-0"]
[WhiteTitle "GM"]
[BlackTitle "GM"]
[WhiteElo "2675"]
[BlackElo "2618"]
[WhiteFideId "8603820"]
[BlackFideId "8602956"]
[EventDate "2013.05.20"]

1. e4 e5 2. Nf3 Nc6 3. Bb5 a6 4. Ba4 Nf6 5. O-O b5 6. Bb3 Bc5 7. a4 Rb8 8. axb5
axb5 9. Nxe5 Nxe5 10. d4 Bxd4 11. Qxd4 d6 12. f4 Nc6 13. Qc3 Ne7 14. Nd2 O-O 15.
e5 Nfd5 16. Qf3 dxe5 17. fxe5 c5 18. c4 Nc7 19. Ne4 Ne6 20. cxb5 c4 21. Ba4 Bb7
22. Rd1 Qc7 23. Qe2 Qxe5 24. Nc3 Qc7 25. Bc2 Ng6 26. Qf2 Rbe8 27. Ra7 Qc8 28.
Ne4 Bxe4 29. Bxe4 Nc5 30. Bd5 Ne5 31. h3 Ncd3 32. Qd4 Rd8 33. Bg5 Rd6 34. Be7
Nf3+ 35. gxf3 Rxd5 36. Qxd5 Qb8 37. Rxd3 cxd3 38. Bxf8 Qxa7+ 39. Bc5 Qa1+ 40.
Kg2 Qxb2+ 41. Bf2 1-0

[Event "4th Hainan Danzhou GM"]
[Site "Danzhou CHN"]
[Date "2013.05.25"]
[Round "6.4"]
[White "Xiu, Deshun"]
[Black "Zhou, Jianchao"]
[Result "1-0"]
[WhiteTitle "GM"]
[BlackTitle "GM"]
[WhiteElo "2534"]
[BlackElo "2607"]
[WhiteFideId "8603693"]
[BlackFideId "8603537"]
[EventDate "2013.05.20"]

1. Nf3 c5 2. c4 Nc6 3. Nc3 g6 4. e3 Nf6 5. d4 cxd4 6. exd4 d5 7. cxd5 Nxd5 8.
Qb3 e6 9. Bg5 Be7 10. Bh6 Bf8 11. Bg5 Be7 12. Bh6 Bf8 13. Bxf8 Kxf8 14. Bb5 Na5
15. Qa3+ Kg7 16. Nxd5 exd5 17. O-O b6 18. Rfe1 a6 19. Bd3 Be6 20. Rac1 Re8 21.
b3 f6 22. Rc2 Ra7 23. h3 Qe7 24. Qa4 Qf8 25. Rce2 Kf7 26. b4 Bd7 27. Rxe8 Bxe8
28. Rxe8 Qxe8 29. Qxe8+ Kxe8 30. bxa5 bxa5 31. a4 Rb7 32. Bxa6 Rb1+ 33. Kh2 Rb4
34. Bb5+ Kf7 35. h4 h6 36. g4 Ke6 37. Kg2 h5 38. Kg3 hxg4 39. Kxg4 Rb2 40. Kg3
Rb3 41. Kf4 Rb2 42. Be8 Ra2 43. Ke3 Ra3+ 44. Ke2 Kf5 45. Ne1 Kg4 46. Nc2 Ra2 47.
Kd2 Rb2 48. Bxg6 Kxh4 49. Bf7 1-0